| 000 | 00742nam a2200217Ia 4500 | ||
|---|---|---|---|
| 001 | 10790 | ||
| 003 | GE_BSU | ||
| 008 | 181216s||||||||xx |||||||||||||| ||und|| | ||
| 040 | _cGE_BSU | ||
| 080 | _a821.353.1-32 | ||
| 100 | _aქელბაქიანი,გენო. | ||
| 245 | _aმოთხრობები სინამდვილიდან. | ||
| 245 | _bმოთხრობები. | ||
| 245 | _cრედ.ე.ქარელიშვილი; მხატვ.ც.მონიავა. | ||
| 260 | _aთბილისი. | ||
| 260 | _bმერანი. | ||
| 260 | _c1975. | ||
| 300 | _a240გვ;17სმ. | ||
| 653 | _aმოთხრობები სინამდვილიდან. | ||
| 942 | _cBK | ||
| 999 |
_c44038 _d44038 |
||